Modern Microeconomics:Theory and Application (Record no. 5845)

MARC details
005 - DATE AND TIME OF LATEST TRANSACTION
control field 20250628074939.0
020 ## - INTERNATIONAL STANDARD BOOK NUMBER
International Standard Book Number 978-93-856-7613-0
082 ## - DEWEY DECIMAL CLASSIFICATION NUMBER
Classification number 330.1 AHU
100 ## - MAIN ENTRY--PERSONAL NAME
Author name LAHUJA,H.L
245 ## - TITLE STATEMENT
Title Modern Microeconomics:Theory and Application
260 ## - PUBLICATION, DISTRIBUTION, ETC.
Place of publication, distribution, etc. New delhi
Name of publisher, distributor, etc. S.Chand&company PVT.LTD
Date of publication, distribution, etc. 2008
300 ## - PHYSICAL DESCRIPTION
Extent Xvi,957p.;ill,figure.
Other physical details Index
Dimensions 24cm
942 ## - ADDED ENTRY ELEMENTS (KOHA)
Source of classification or shelving scheme Dewey Decimal Classification
Koha item type Books
Holdings
Date last seen Total checkouts Full call number Barcode Cost, replacement price Price effective from Koha item type Lost status Source of classification or shelving scheme Damaged status Not for loan Withdrawn status Home library Current library Shelving location Date acquired Source of acquisition Cost, normal purchase price
06/28/2025   331.1 AHU MZA0002893 150000.00 06/28/2024 Books   Dewey Decimal Classification       CBE Mwanza CBE Mwanza Special Reserve Collection 06/28/2024 Library Budget 50000.00